000
00284nam a22001097a 4500
008
170110b xxu||||| |||| 00| 0 eng d
020
_a
9780815144212
041
_a
eng
080
_2
4TH
_a
618.2
245
_a
NURSING THEORISTS AND THEIR WORK
_c
TOMEY, A.M & ALLIGOOD, M.R
942
_2
udc
_c
BK
999
_c
2668
_d
2668